[Event "WLS-ch 65th"]
[Site "Cardiff"]
[Date "2019.04.22"]
[Round "6"]
[White "Sands, David A"]
[Black "Pleasants, Allan J"]
[Result "1-0"]
[WhiteElo "2109"]
[BlackElo "2075"]
[PlyCount "63"]
[EventDate "2019.04.19"]
[EventType "swiss"]
[EventRounds "7"]
[EventCountry "WLS"]
[SourceTitle "CBM 189 Extra"]
[Source "ChessBase"]
[SourceDate "2019.06.03"]
[SourceVersion "1"]
[SourceVersionDate "2019.06.03"]
[SourceQuality "1"]

1. d4 g6 2. c4 Bg7 3. e4 d6 4. Nc3 a6 5. Be3 Nf6 6. h3 Nc6 7. Nf3 0-0 8. d5 Nb8 9. Bd3 c6 10. 0-0 b5 11. a3 cxd5 12. cxd5 e5 13. dxe6 fxe6 14. Bb1 Nc6 15. Ba2 b4 16. axb4 Nxb4 17. Bb3 Qe7 18. Re1 Kh8 19. Qd2 Bb7 20. Nd4 d5 21. exd5 exd5 22. Bg5 Qd6 23. Ne6 Rf7 24. Nxg7 Kxg7 25. Bf4 Qd7 26. Rac1 Qf5 27. Re5 Qd3 28. Bh6+ Kg8 29. Qe1 Nc6 30. Re3 Qf5 31. Rd1 Qh5 32. Nxd5 1-0

[Event "WLS-ch 65th"]
[Site "Cardiff"]
[Date "2019.04.20"]
[Round "3"]
[White "Kett, Timothy"]
[Black "Sands, David A"]
[Result "1/2-1/2"]
[WhiteElo "2197"]
[BlackElo "2109"]
[PlyCount "55"]
[EventDate "2019.04.19"]
[EventType "swiss"]
[EventRounds "7"]
[EventCountry "WLS"]
[SourceTitle "CBM 189 Extra"]
[Source "ChessBase"]
[SourceDate "2019.06.03"]
[SourceVersion "1"]
[SourceVersionDate "2019.06.03"]
[SourceQuality "1"]

1. e4 c5 2. Nf3 e6 3. d4 cxd4 4. Nxd4 Nc6 5. Nc3 Qc7 6. Be2 a6 7. Be3 Nf6 8. 0-0 Be7 9. f4 d6 10. Kh1 0-0 11. Bf3 Re8 12. Qd2 Nxd4 13. Bxd4 e5 14. Be3 b5 15. a4 b4 16. Nd5 Nxd5 17. exd5 exf4 18. Bxf4 a5 19. Rae1 Bd7 20. b3 Bf6 21. Re4 Rxe4 22. Bxe4 Re8 23. Qd3 g6 24. Bg3 Be5 25. Qf3 f5 26. Bd3 Bxg3 27. Qxg3 Re5 28. h4 1/2-1/2

[Event "WLS-ch 65th"]
[Site "Cardiff"]
[Date "2019.04.19"]
[Round "1"]
[White "Fathallah, Joe"]
[Black "Sands, David A"]
[Result "0-1"]
[WhiteElo "1958"]
[BlackElo "2109"]
[PlyCount "98"]
[EventDate "2019.04.19"]
[EventType "swiss"]
[EventRounds "7"]
[EventCountry "WLS"]
[SourceTitle "CBM 189 Extra"]
[Source "ChessBase"]
[SourceDate "2019.06.03"]
[SourceVersion "1"]
[SourceVersionDate "2019.06.03"]
[SourceQuality "1"]

1. d4 d5 2. c4 e6 3. Nc3 Nf6 4. cxd5 exd5 5. Bg5 Be7 6. e3 c6 7. Bd3 Nbd7 8. Qc2 h6 9. Bh4 Nh5 10. Bxe7 Qxe7 11. Nge2 Nb6 12. h3 Be6 13. g4 Nf6 14. Nf4 0-0-0 15. 0-0-0 Kb8 16. Na4 Nxa4 17. Qxa4 Bc8 18. Kb1 g5 19. Ne2 h5 20. gxh5 Rxh5 21. Rdg1 Rdh8 22. Qc2 Bxh3 23. Ng3 R5h6 24. Bf5 Bxf5 25. Qxf5 Rxh1 26. Rxh1 Rxh1+ 27. Nxh1 Qe4+ 28. Qxe4 Nxe4 29. Kc2 g4 30. Kb3 b6 31. Ka4 Kb7 32. b4 Ka6 33. Kb3 Kb5 34. a4+ Ka6 35. Kc2 Kb7 36. Kb3 Kc7 37. b5 cxb5 38. axb5 Kd7 39. Kc2 Kc7 40. Kb3 Kb7 41. Ka4 a6 42. bxa6+ Kxa6 43. Kb4 Kb7 44. Ka4 Ka6 45. Kb4 b5 46. Ng3 Nxg3 47. fxg3 Kb6 48. Kc3 Ka5 49. Kd3 f5 0-1

[Event "WLS-ch 65th"]
[Site "Cardiff"]
[Date "2019.04.19"]
[Round "2"]
[White "Sands, David A"]
[Black "Garcia, Jason"]
[Result "1/2-1/2"]
[WhiteElo "2109"]
[BlackElo "2024"]
[PlyCount "61"]
[EventDate "2019.04.19"]
[EventType "swiss"]
[EventRounds "7"]
[EventCountry "WLS"]
[SourceTitle "CBM 189 Extra"]
[Source "ChessBase"]
[SourceDate "2019.06.03"]
[SourceVersion "1"]
[SourceVersionDate "2019.06.03"]
[SourceQuality "1"]

1. d4 d5 2. c4 e6 3. Nf3 Nf6 4. g3 Bb4+ 5. Bd2 Bxd2+ 6. Nbxd2 c6 7. Bg2 Nbd7 8. 0-0 0-0 9. Qc2 b6 10. e4 dxe4 11. Nxe4 Nxe4 12. Qxe4 Bb7 13. Rfc1 Qe7 14. c5 Nf6 15. Qe2 b5 16. Re1 Rfd8 17. Rad1 h6 18. Rd2 a5 19. Qd1 a4 20. Ne5 Qc7 21. Qc2 Re8 22. h3 Rad8 23. Kh2 Nd7 24. Nd3 Nf6 25. Ne5 Nd7 26. Nf3 Nf6 27. Rde2 Re7 28. Rd1 Red7 29. Red2 Re7 30. Rd3 Nd5 31. a3 1/2-1/2

[Event "South Wales New Year op"]
[Site "Bridgend"]
[Date "2019.01.06"]
[Round "4"]
[White "Gay, Conor"]
[Black "Sands, David A"]
[Result "1/2-1/2"]
[WhiteElo "1900"]
[BlackElo "2086"]
[PlyCount "43"]
[EventDate "2019.01.04"]
[EventType "swiss"]
[EventRounds "5"]
[EventCountry "WLS"]
[SourceTitle "EXT 2020"]
[Source "ChessBase"]
[SourceDate "2019.10.17"]
[SourceVersion "1"]
[SourceVersionDate "2019.10.17"]
[SourceQuality "1"]

1. e4 c5 2. c3 d5 3. exd5 Qxd5 4. d4 e6 5. Nf3 Nf6 6. Bd3 Be7 7. 0-0 0-0 8. Be3 Nbd7 9. c4 Qh5 10. Ne5 Qxd1 11. Rxd1 cxd4 12. Bxd4 Nxe5 13. Bxe5 b6 14. Nc3 Bb7 15. h3 Rfd8 16. Rd2 Ne8 17. Rad1 Bg5 18. f4 Be7 19. Nb5 g6 20. Be2 Rxd2 21. Rxd2 a6 22. Nc3 1/2-1/2

[Event "WLS-ch 64th"]
[Site "Cardiff"]
[Date "2018.03.30"]
[Round "1"]
[White "Davis, Lee"]
[Black "Sands, David A"]
[Result "1/2-1/2"]
[WhiteElo "1954"]
[BlackElo "2088"]
[PlyCount "60"]
[EventDate "2018.03.30"]
[EventType "swiss"]
[EventRounds "7"]
[EventCountry "WLS"]
[SourceTitle "CBM 183 Extra"]
[Source "ChessBase"]
[SourceDate "2018.04.19"]
[SourceVersion "1"]
[SourceVersionDate "2018.04.19"]
[SourceQuality "1"]

1. d4 d5 2. g3 Nf6 3. Bg2 c6 4. Nf3 Bf5 5. 0-0 e6 6. c4 Be7 7. Nc3 Nbd7 8. b3 h6 9. Bb2 0-0 10. Nd2 Qa5 11. e4 dxe4 12. Ndxe4 Nxe4 13. Nxe4 Rfd8 14. Qe2 Bxe4 15. Bxe4 Nf6 16. Bf3 Ba3 17. Bxa3 Qxa3 18. Rfd1 Rd7 19. Rd2 Rad8 20. Rad1 Qa5 21. Rd3 Qf5 22. Qe3 e5 23. Be2 exd4 24. Rxd4 Rxd4 25. Rxd4 Re8 26. Qd3 Qe5 27. Bf3 g6 28. Kg2 Kg7 29. Qd2 Re7 30. Rd8 Rc7 1/2-1/2

[Event "WLS-ch 63rd"]
[Site "Cardiff"]
[Date "2017.04.17"]
[Round "7"]
[White "Van Kemenade, Rudy"]
[Black "Sands, David A"]
[Result "1/2-1/2"]
[WhiteElo "1914"]
[BlackElo "2103"]
[PlyCount "37"]
[EventDate "2017.04.14"]
[EventType "swiss"]
[EventRounds "7"]
[EventCountry "WLS"]
[SourceTitle "CBM 177 Extra"]
[Source "ChessBase"]
[SourceDate "2017.04.27"]
[SourceVersion "1"]
[SourceVersionDate "2017.04.27"]
[SourceQuality "1"]

1. e4 c5 2. Nf3 e6 3. d3 Nc6 4. g3 Nge7 5. Bg2 g6 6. 0-0 Bg7 7. c3 0-0 8. d4 d5 9. e5 Qb6 10. dxc5 Qc7 11. b4 Nxe5 12. Nd4 b6 13. cxb6 axb6 14. b5 Nc4 15. a4 Bb7 16. f4 Nf5 17. Nxf5 exf5 18. Rf3 Rfe8 19. Rd3 1/2-1/2

[Event "WLS-ch 63rd"]
[Site "Cardiff"]
[Date "2017.04.16"]
[Round "5"]
[White "Morcom, Huw"]
[Black "Sands, David A"]
[Result "1/2-1/2"]
[WhiteElo "1925"]
[BlackElo "2103"]
[PlyCount "48"]
[EventDate "2017.04.14"]
[EventType "swiss"]
[EventRounds "7"]
[EventCountry "WLS"]
[SourceTitle "CBM 177 Extra"]
[Source "ChessBase"]
[SourceDate "2017.04.27"]
[SourceVersion "1"]
[SourceVersionDate "2017.04.27"]
[SourceQuality "1"]

1. e4 c5 2. Nf3 e6 3. d3 Nc6 4. Be2 Nf6 5. 0-0 d5 6. Nbd2 Be7 7. c3 0-0 8. Re1 Qc7 9. Qc2 b6 10. h3 Bb7 11. Nf1 h6 12. N1h2 Rfd8 13. Bf1 dxe4 14. dxe4 Bd6 15. Ng4 Nxg4 16. hxg4 Bf4 17. g3 Bxc1 18. Raxc1 Ne5 19. Nxe5 Qxe5 20. f4 Qc7 21. Rcd1 Rxd1 22. Rxd1 Rd8 23. Rxd8+ Qxd8 24. Qd3 Qxd3 1/2-1/2

[Event "Olympiad-42"]
[Site "Baku"]
[Date "2016.09.10"]
[Round "8.4"]
[White "Diermair, Andreas"]
[Black "Sands, David A"]
[Result "1/2-1/2"]
[WhiteElo "2478"]
[BlackElo "2122"]
[PlyCount "69"]
[EventDate "2016.09.02"]
[EventType "team-swiss"]
[EventRounds "11"]
[EventCountry "AZE"]
[SourceTitle "CBM 175"]
[Source "ChessBase"]
[SourceDate "2016.11.10"]
[SourceVersion "1"]
[SourceVersionDate "2016.11.10"]
[SourceQuality "1"]
[WhiteTeam "Austria"]
[BlackTeam "Wales"]
[WhiteTeamCountry "AUT"]
[BlackTeamCountry "WLS"]

1. Nf3 d5 2. g3 c6 3. Bg2 Bg4 4. c4 e6 5. 0-0 Nd7 6. cxd5 cxd5 7. d3 Ngf6 8. Qb3 Nc5 9. Qb5+ Qd7 10. Nc3 Bxf3 11. Bxf3 Be7 12. b4 Na6 13. a3 0-0 14. Bg5 Rfd8 15. Rac1 h6 16. Bf4 Ne8 17. Qxd7 Rxd7 18. Nb5 Bg5 19. Rc2 Bxf4 20. gxf4 Nac7 21. Nd4 Nd6 22. Rfc1 Ncb5 23. Nxb5 Nxb5 24. a4 Nd4 25. Rc8+ Rxc8 26. Rxc8+ Kh7 27. Kg2 g6 28. e3 Nc6 29. b5 Na5 30. Bd1 b6 31. Kf3 Kg7 32. Bc2 Nb7 33. Ra8 Na5 34. Rc8 Nb7 35. h3 1/2-1/2

[Event "Olympiad-42"]
[Site "Baku"]
[Date "2016.09.06"]
[Round "5.4"]
[White "Chimthere, Alfred Charles"]
[Black "Sands, David A"]
[Result "1/2-1/2"]
[WhiteElo "2037"]
[BlackElo "2122"]
[PlyCount "92"]
[EventDate "2016.09.02"]
[EventType "team-swiss"]
[EventRounds "11"]
[EventCountry "AZE"]
[SourceTitle "CBM 175"]
[Source "ChessBase"]
[SourceDate "2016.11.10"]
[SourceVersion "1"]
[SourceVersionDate "2016.11.10"]
[SourceQuality "1"]
[WhiteTeam "Malawi"]
[BlackTeam "Wales"]
[WhiteTeamCountry "MWI"]
[BlackTeamCountry "WLS"]

1. Nf3 d5 2. d4 Nf6 3. e3 c6 4. Bd3 Bg4 5. Nbd2 e6 6. b3 Nbd7 7. Bb2 Be7 8. 0-0 0-0 9. h3 Bh5 10. g4 Bg6 11. Bxg6 hxg6 12. Qe2 Qa5 13. c4 Bb4 14. a3 Bxd2 15. Nxd2 b5 16. c5 Qc7 17. Nf3 a5 18. Rac1 a4 19. b4 Rfe8 20. Ne5 Rad8 21. Kg2 Re7 22. h4 Nxe5 23. dxe5 Nd7 24. f4 Kf8 25. g5 Ke8 26. Rh1 Nf8 27. h5 gxh5 28. Qxh5 g6 29. Qh6 Kd7 30. Qg7 Kc8 31. Rh8 Ree8 32. Bd4 Qe7 33. Rch1 Kc7 34. Rg8 Kc8 35. Rhh8 Kc7 36. Qf6 Qd7 37. Rg7 Re7 38. Rgg8 Ree8 39. Kf2 Kc8 40. Qg7 Qe7 41. Qf6 Qd7 42. Kf3 Kc7 43. Rg7 Re7 44. Rgg8 Ree8 45. Rg7 Re7 46. Rgg8 Ree8 1/2-1/2

[Event "Olympiad-42"]
[Site "Baku"]
[Date "2016.09.05"]
[Round "4.4"]
[White "Sands, David A"]
[Black "Gholami, Aryan"]
[Result "0-1"]
[WhiteElo "2122"]
[BlackElo "2435"]
[PlyCount "94"]
[EventDate "2016.09.02"]
[EventType "team-swiss"]
[EventRounds "11"]
[EventCountry "AZE"]
[SourceTitle "CBM 175"]
[Source "ChessBase"]
[SourceDate "2016.11.10"]
[SourceVersion "1"]
[SourceVersionDate "2016.11.10"]
[SourceQuality "1"]
[WhiteTeam "Wales"]
[BlackTeam "Iran"]
[WhiteTeamCountry "WLS"]
[BlackTeamCountry "IRI"]

1. d4 Nf6 2. c4 e6 3. Nc3 Bb4 4. e3 0-0 5. Nge2 Re8 6. a3 Bf8 7. Ng3 d5 8. Be2 g6 9. 0-0 h5 10. Re1 h4 11. Nf1 h3 12. g3 Nbd7 13. b3 c6 14. Bb2 a6 15. Bf3 dxc4 16. bxc4 e5 17. Nd2 Bg7 18. Nce4 Nxe4 19. Nxe4 Nb6 20. Rc1 f5 21. Nc5 e4 22. Be2 g5 23. Bc3 Nd7 24. Nxd7 Bxd7 25. Rb1 Rb8 26. Qd2 Be6 27. Red1 Bf7 28. a4 Qc7 29. Ba5 Qe7 30. Bb6 f4 31. Qb4 Qd7 32. Qa5 Bh6 33. d5 cxd5 34. cxd5 Rbc8 35. d6 Rc6 36. Bc7 fxe3 37. fxe3 g4 38. Qd2 Rxc7 39. dxc7 Qxd2 40. Rxd2 Bxe3+ 41. Kf1 Bxd2 42. Bxg4 Bc4+ 43. Kg1 Bd3 44. Ra1 Be3+ 45. Kh1 Bd4 46. Rc1 e3 47. c8Q Be4+ 0-1

[Event "WLS-ch 62nd"]
[Site "Cardiff"]
[Date "2016.03.25"]
[Round "1"]
[White "Fathallah, Joe"]
[Black "Sands, David A"]
[Result "1/2-1/2"]
[WhiteElo "1969"]
[BlackElo "2142"]
[PlyCount "44"]
[EventDate "2016.03.25"]
[EventType "swiss"]
[EventRounds "7"]
[EventCountry "WLS"]
[SourceTitle "CBM 171 Extra"]
[Source "ChessBase"]
[SourceDate "2016.04.26"]
[SourceVersion "1"]
[SourceVersionDate "2016.04.26"]
[SourceQuality "1"]

1. d4 d5 2. c4 dxc4 3. e4 Nc6 4. Be3 Nf6 5. f3 e5 6. d5 Ne7 7. Nc3 Ng6 8. Qa4+ Bd7 9. Qxc4 a6 10. Nge2 Bd6 11. g3 0-0 12. Bg2 c6 13. dxc6 Bxc6 14. 0-0 Qe7 15. Rfd1 Rfc8 16. Qb3 Bc5 17. Bxc5 Qxc5+ 18. Kf1 Rd8 19. Rxd8+ Rxd8 20. Rd1 Rxd1+ 21. Qxd1 Bd7 22. Qd2 h6 1/2-1/2

[Event "BCF-chT2c 1415 (4NCL)"]
[Site "England"]
[Date "2015.05.03"]
[Round "10.222"]
[White "Sands, David A"]
[Black "Grant, David J"]
[Result "1/2-1/2"]
[WhiteElo "2185"]
[BlackElo "2098"]
[PlyCount "42"]
[EventDate "2015.03.29"]
[EventType "team-tourn"]
[EventRounds "11"]
[EventCountry "ENG"]
[SourceTitle "EXT 2016"]
[Source "ChessBase"]
[SourceDate "2015.10.08"]
[SourceVersion "1"]
[SourceVersionDate "2015.10.08"]
[SourceQuality "1"]
[WhiteTeam "Barbican Youth"]
[BlackTeam "Sussex Martlets"]
[WhiteTeamCountry "ENG"]
[BlackTeamCountry "ENG"]

1. d4 Nf6 2. c4 e6 3. Nc3 Bb4 4. e3 0-0 5. Nge2 d5 6. a3 Bd6 7. Ng3 b6 8. cxd5 exd5 9. Be2 Re8 10. 0-0 Bb7 11. b4 Ne4 12. Ngxe4 dxe4 13. f4 exf3 14. Bxf3 Qh4 15. h3 Nc6 16. Nb5 Rad8 17. Qc2 a6 18. Nxd6 Rxd6 19. Qf2 Qe7 20. Bd2 Nd8 21. Bxb7 Nxb7 1/2-1/2

[Event "WLS-ch 61st"]
[Site "Cardiff"]
[Date "2015.04.04"]
[Round "3"]
[White "Sands, David A"]
[Black "Jameson, David"]
[Result "1/2-1/2"]
[WhiteElo "2185"]
[BlackElo "2017"]
[PlyCount "89"]
[EventDate "2015.04.03"]
[EventType "swiss"]
[EventRounds "7"]
[EventCountry "WLS"]
[SourceTitle "CBM 165 Extra"]
[Source "ChessBase"]
[SourceDate "2015.04.21"]
[SourceVersion "1"]
[SourceVersionDate "2015.04.21"]
[SourceQuality "1"]

1. d4 d5 2. Nf3 Nf6 3. c4 c6 4. e3 e6 5. b3 Nbd7 6. Bb2 b6 7. Bd3 Bb7 8. 0-0 Be7 9. Nc3 0-0 10. Qe2 Rc8 11. Rfd1 Re8 12. Rac1 dxc4 13. Bxc4 b5 14. Bd3 b4 15. Na4 Qa5 16. Nd2 Qg5 17. Ne4 Nxe4 18. Bxe4 Ba8 19. Qc2 h6 20. g3 Red8 21. Rd2 Qb5 22. Qd1 Bb7 23. Qe2 Ba8 24. Rdc2 Qxe2 25. Rxe2 c5 26. Bxa8 Rxa8 27. dxc5 Rdc8 28. c6 Nf6 29. Bd4 Ne8 30. Rec2 f6 31. Nb2 Kf7 32. Nd3 Nc7 33. Bc5 a5 34. Bxe7 Kxe7 35. Nb2 Nb5 36. Na4 Ra6 37. Rc5 Nd6 38. Kf1 Rc7 39. Ke2 Nc8 40. Nb2 Na7 41. Nd3 Rcxc6 42. Kd2 Rxc5 43. Rxc5 Kd6 44. Rc1 Rc6 45. Rxc6+ 1/2-1/2

[Event "WLS-ch 61st"]
[Site "Cardiff"]
[Date "2015.04.04"]
[Round "4"]
[White "Thomas, Ben"]
[Black "Sands, David A"]
[Result "1-0"]
[WhiteElo "1804"]
[BlackElo "2185"]
[PlyCount "73"]
[EventDate "2015.04.03"]
[EventType "swiss"]
[EventRounds "7"]
[EventCountry "WLS"]
[SourceTitle "CBM 165 Extra"]
[Source "ChessBase"]
[SourceDate "2015.04.21"]
[SourceVersion "1"]
[SourceVersionDate "2015.04.21"]
[SourceQuality "1"]

1. e4 c5 2. c3 d5 3. exd5 Qxd5 4. d4 Nf6 5. Na3 e6 6. Nf3 Qd8 7. Bg5 Nc6 8. Nc2 a6 9. Be2 Be7 10. Bxf6 gxf6 11. 0-0 0-0 12. Ne3 cxd4 13. cxd4 Nb4 14. Re1 b6 15. a3 Nd5 16. Nxd5 Qxd5 17. Bd3 Ra7 18. Ne5 f5 19. Bc4 Qd6 20. Re3 Bf6 21. Qh5 Bg7 22. Rh3 h6 23. Rd1 Rc7 24. Bb3 b5 25. Rg3 f6 26. Ng6 Rff7 27. Nh4 Qf4 28. d5 e5 29. d6 Rc4 30. Ng6 Qe4 31. Ne7+ Kf8 32. Nxc8 f4 33. Bxc4 bxc4 34. Qxf7+ Kxf7 35. d7 Qe2 36. Rxg7+ Kxg7 37. d8Q 1-0

[Event "WLS-ch 61st"]
[Site "Cardiff"]
[Date "2015.04.03"]
[Round "2"]
[White "Guy, David T"]
[Black "Sands, David A"]
[Result "0-1"]
[WhiteElo "1897"]
[BlackElo "2185"]
[PlyCount "104"]
[EventDate "2015.04.03"]
[EventType "swiss"]
[EventRounds "7"]
[EventCountry "WLS"]
[SourceTitle "CBM 165 Extra"]
[Source "ChessBase"]
[SourceDate "2015.04.21"]
[SourceVersion "1"]
[SourceVersionDate "2015.04.21"]
[SourceQuality "1"]

1. d4 d5 2. c4 c6 3. Nf3 Nf6 4. Nc3 dxc4 5. a4 a5 6. Ne5 Be6 7. e4 Nbd7 8. Nxc4 Bxc4 9. Bxc4 e6 10. 0-0 Nb6 11. Bb3 Be7 12. Be3 0-0 13. f4 Nfd7 14. f5 e5 15. d5 Bg5 16. Bxg5 Qxg5 17. Qe2 Nc5 18. Ba2 Nbd7 19. Rad1 cxd5 20. exd5 b6 21. Bc4 Rad8 22. b3 Qf6 23. Nb5 e4 24. Qe3 Ne5 25. Qc3 Rc8 26. Kh1 Nxa4 27. Qe3 Nb2 28. Rc1 Nbxc4 29. bxc4 Nxc4 30. Qe2 Qb2 31. Qxb2 Nxb2 32. d6 Nd3 33. Rxc8 Rxc8 34. g4 Kf8 35. Kg2 Ke8 36. Nc7+ Kd7 37. Nd5 Kxd6 38. Nxb6 Rc6 39. Rb1 Ke5 40. Kg3 Kd4 41. Na4 e3 42. Kf3 Ne5+ 43. Kf4 Nd3+ 44. Kf3 Rc4 45. Ra1 Rc1 46. Ra2 Rc2 47. Rxc2 Ne1+ 48. Ke2 Nxc2 49. Kd1 Nb4 50. Ke2 Nd5 51. Nb2 Nc3+ 52. Ke1 a4 0-1

[Event "BCF-chT2b 1415 (4NCL)"]
[Site "England"]
[Date "2015.03.28"]
[Round "7.27"]
[White "Lewyk, Ihor"]
[Black "Sands, David A"]
[Result "1/2-1/2"]
[WhiteElo "2054"]
[BlackElo "2194"]
[PlyCount "30"]
[EventDate "2014.11.15"]
[EventType "team-tourn"]
[EventRounds "7"]
[EventCountry "ENG"]
[SourceTitle "EXT 2016"]
[Source "ChessBase"]
[SourceDate "2015.10.08"]
[SourceVersion "1"]
[SourceVersionDate "2015.10.08"]
[SourceQuality "1"]
[WhiteTeam "White Rose II"]
[BlackTeam "Barbican Youth"]
[WhiteTeamCountry "ENG"]
[BlackTeamCountry "ENG"]

1. Nf3 d5 2. d4 Nf6 3. Bg5 Ne4 4. Bf4 c5 5. c3 Nc6 6. e3 Qb6 7. Qb3 c4 8. Qc2 Bf5 9. Nh4 Bd7 10. Nd2 Nxd2 11. Qxd2 e6 12. Be2 Be7 13. Nf3 0-0 14. 0-0 Rfc8 15. Qc2 Qd8 1/2-1/2

[Event "BCF-chT1b 1415 (4NCL)"]
[Site "England"]
[Date "2015.01.10"]
[Round "3.156"]
[White "Sands, David A"]
[Black "Suarez Real, Alberto"]
[Result "1/2-1/2"]
[WhiteElo "2192"]
[BlackElo "2403"]
[PlyCount "26"]
[EventDate "2014.11.15"]
[EventType "team-swiss"]
[EventRounds "11"]
[EventCountry "ENG"]
[SourceTitle "EXT 2016"]
[Source "ChessBase"]
[SourceDate "2015.10.08"]
[SourceVersion "1"]
[SourceVersionDate "2015.10.08"]
[SourceQuality "1"]
[WhiteTeam "Barbican II"]
[BlackTeam "Guildford"]
[WhiteTeamCountry "ENG"]
[BlackTeamCountry "ENG"]

1. d4 Nf6 2. c4 g6 3. Nc3 Bg7 4. e4 0-0 5. Be2 d6 6. Bg5 Na6 7. f4 c5 8. d5 Qa5 9. Qd2 e6 10. Nf3 exd5 11. cxd5 Bg4 12. 0-0 Rfe8 13. e5 Nd7 1/2-1/2

[Event "South Wales New Year op"]
[Site "Bridgend"]
[Date "2015.01.03"]
[Round "3"]
[White "Sands, David A"]
[Black "Lewis, David Rhys"]
[Result "1-0"]
[WhiteElo "2192"]
[BlackElo "1933"]
[PlyCount "162"]
[EventDate "2015.01.02"]
[EventType "swiss"]
[EventRounds "5"]
[EventCountry "WLS"]
[SourceTitle "EXT 2018"]
[Source "ChessBase"]
[SourceDate "2017.10.13"]
[SourceVersion "1"]
[SourceVersionDate "2017.10.13"]
[SourceQuality "1"]

1. d4 g6 2. c4 Bg7 3. e4 d6 4. Nc3 e5 5. d5 f5 6. exf5 Bxf5 7. Nge2 c5 8. Ng3 Nf6 9. Be2 Qd7 10. 0-0 0-0 11. f3 Na6 12. Be3 Rf7 13. Qd2 Nc7 14. a3 Nfe8 15. b4 b6 16. Ra2 Bf8 17. Re1 Ng7 18. Bf1 Qc8 19. Rb2 Bd7 20. bxc5 bxc5 21. Reb1 Nf5 22. Bg5 Nd4 23. Kh1 Ne8 24. Nce4 Bf5 25. Bd3 Qd7 26. Rb8 Rxb8 27. Rxb8 Bxe4 28. Nxe4 Nf5 29. Qc2 Nd4 30. Qd1 h6 31. Rd8 Qc7 32. Rxe8 hxg5 33. Nxg5 Rg7 34. Qb1 Qb7 35. Rb8 Qe7 36. Ne4 Rh7 37. Nf2 Qg5 38. Ng4 Nf5 39. Qe1 Rf7 40. Kg1 Nd4 41. Qe3 Qxe3+ 42. Nxe3 Kg7 43. Kf2 Nf5 44. Ng4 Be7 45. Be4 Bg5 46. Ke2 Nd4+ 47. Kd1 Rd7 48. Bc2 Rf7 49. Be4 Rd7 50. Bc2 Rf7 51. Rb1 Rd7 52. Nf2 Bd8 53. Ne4 Be7 54. Nc3 Bd8 55. Rb8 Be7 56. Ke1 Rc7 57. Nb5 Rd7 58. Nxd4 exd4 59. Kd1 Bg5 60. Re8 Re7 61. Rxe7+ Bxe7 62. g3 Bg5 63. f4 Bd8 64. Ke2 Ba5 65. Kf3 Kf6 66. Be4 Bd2 67. Ke2 Be3 68. Kf3 a5 69. a4 Bd2 70. Bd3 Be3 71. h4 Bd2 72. g4 Be1 73. g5+ Kg7 74. Kg4 Bf2 75. h5 gxh5+ 76. Kxh5 Bg3 77. Kg4 Bh2 78. f5 Be5 79. f6+ Kf7 80. Kf5 Kg8 81. Ke6 Kf8 1-0

[Event "South Wales New Year op"]
[Site "Bridgend"]
[Date "2015.01.02"]
[Round "1"]
[White "Sands, David A"]
[Black "Williams, Stephen"]
[Result "1-0"]
[WhiteElo "2192"]
[BlackElo "1890"]
[PlyCount "29"]
[EventDate "2015.01.02"]
[EventType "swiss"]
[EventRounds "5"]
[EventCountry "WLS"]
[SourceTitle "EXT 2018"]
[Source "ChessBase"]
[SourceDate "2017.10.13"]
[SourceVersion "1"]
[SourceVersionDate "2017.10.13"]
[SourceQuality "1"]

1. d4 d6 2. c4 e5 3. d5 f5 4. e4 fxe4 5. Nc3 Nf6 6. Bg5 Bf5 7. Nge2 Be7 8. Ng3 Bg6 9. h4 h6 10. Bxf6 gxf6 11. Be2 Nd7 12. Bh5 Rg8 13. Ncxe4 Bf8 14. Qg4 Bf7 15. Qe6+ 1-0

[Event "4NCL-chT rapid"]
[Site "Daventry"]
[Date "2014.10.04"]
[Round "5.2"]
[White "Flear, Christine"]
[Black "Sands, David A"]
[Result "1/2-1/2"]
[WhiteElo "2181"]
[BlackElo "2194"]
[PlyCount "79"]
[EventDate "2014.10.04"]
[EventType "team-swiss (rapid)"]
[EventRounds "7"]
[EventCountry "ENG"]
[SourceTitle "CBM 162 Extra"]
[Source "ChessBase"]
[SourceDate "2014.10.17"]
[SourceVersion "1"]
[SourceVersionDate "2014.10.17"]
[SourceQuality "1"]
[WhiteTeam "Guildford"]
[BlackTeam "Barbican II"]
[WhiteTeamCountry "ENG"]
[BlackTeamCountry "ENG"]

1. d4 d5 2. c4 c6 3. Nc3 Nf6 4. e3 a6 5. Qc2 g6 6. Nf3 Bg7 7. Ne5 0-0 8. Bd3 Nbd7 9. f4 dxc4 10. Bxc4 c5 11. Qb3 Qe8 12. a4 cxd4 13. exd4 e6 14. 0-0 Qe7 15. Be3 Ne8 16. Ne4 Ndf6 17. Nxf6+ Nxf6 18. Rac1 Rd8 19. Rc2 Nd5 20. Bxd5 exd5 21. Rfc1 f6 22. Rc7 Qe8 23. Nf3 Bd7 24. Qxd5+ Kh8 25. Bf2 Bc6 26. Qb3 Bd5 27. Qc3 Qxa4 28. Re1 Rd7 29. Rc8+ Rd8 30. Rc7 Rd7 31. Qc5 Rxc7 32. Qxc7 Qc6 33. Qxc6 Bxc6 34. Nd2 Rd8 35. Nb3 Kg8 36. Nc5 Bf8 37. Rc1 Bxc5 38. Rxc5 Kf7 39. f5 gxf5 40. Rxf5 1/2-1/2

[Event "4NCL-chT rapid"]
[Site "Daventry"]
[Date "2014.10.04"]
[Round "2.2"]
[White "Sands, David A"]
[Black "Deighton, Simon"]
[Result "1/2-1/2"]
[WhiteElo "2194"]
[BlackElo "2029"]
[PlyCount "69"]
[EventDate "2014.10.04"]
[EventType "team-swiss (rapid)"]
[EventRounds "7"]
[EventCountry "ENG"]
[SourceTitle "CBM 162 Extra"]
[Source "ChessBase"]
[SourceDate "2014.10.17"]
[SourceVersion "1"]
[SourceVersionDate "2014.10.17"]
[SourceQuality "1"]
[WhiteTeam "Barbican II"]
[BlackTeam "Leeds University Old Boys"]
[WhiteTeamCountry "ENG"]
[BlackTeamCountry "ENG"]

1. d4 Nf6 2. c4 g6 3. Nc3 Bg7 4. e4 d6 5. Be2 0-0 6. Bg5 Na6 7. Qc2 c6 8. Rd1 Nc7 9. Nf3 Qe8 10. d5 a6 11. 0-0 b5 12. dxc6 Qxc6 13. Nd4 Qb7 14. cxb5 axb5 15. Ndxb5 Ne6 16. Be3 Bd7 17. Nd4 Rfc8 18. Qb1 Nxd4 19. Bxd4 Be6 20. b3 Qb4 21. Bxf6 Bxf6 22. Nd5 Bxd5 23. exd5 Ra3 24. Rc1 Rca8 25. Rc2 Kg7 26. Bc4 Be5 27. g3 Bd4 28. Rd1 Bf6 29. Rdd2 Bc3 30. Re2 Bf6 31. Kg2 Rb8 32. Qd1 Qc5 33. Qd3 Qc8 34. Qf3 Qd7 35. Qd3 1/2-1/2